[Event "26th Troya Open 2018"]
[Site "Canakkale"]
[Date "2018.08.05"]
[Round "1.1"]
[White "Albayrak, Kerem"]
[Black "Benidze, Davit"]
[Result "0-1"]
[WhiteElo "1901"]
[BlackElo "2488"]
[Annotator "RC"]
[PlyCount "74"]
[EventDate "2018.08.06"]
[EventType "swiss"]
[EventCountry "TUR"]
[SourceTitle "playchess.com"]
[Source "ChessBase"]
[SourceQuality "1"]
[TimeControl "5400+30"]

1. d4 {[%emt 0:00:30]} Nf6 {[%emt 0:00:30]} 2. Nf3 {[%emt 0:00:30]} c5 {[%emt 0:00:00]} 3. c4 {[%emt 0:00:00]} g6 {[%emt 0:00:00]} 4. g3 {[%emt 0:01:00]} Bg7 {[%emt 0:00:30]} 5. Bg2 {[%emt 0:00:30]} O-O {[%emt 0:00:30]} 6. O-O {[%emt 0:00:30]} d6 {[%emt 0:00:00]} 7. Nc3 {[%emt 0:00:00]} Nc6 {[%emt 0:00:00]} 8. d5 {[%emt 0:15:00]} Na5 {[%emt 0:00:00]} 9. Qd3 {[%emt 0:00:30]} a6 {[%emt 0:00:00]} 10. Nd2 {[%emt 0:04:30]} Nd7 {[%emt 0:00:30]} 11. f4 {[%emt 0:02:30]} b5 {[%emt 0:00:30]} 12. Rb1 {[%emt 0:05:30]} bxc4 {[%emt 0:03:30]} 13. Nxc4 {[%emt 0:03:30]} Nxc4 {[%emt 0:00:30]} 14. Qxc4 {[%emt 0:00:30]} a5 {[%emt 0:00:00]} 15. Qd3 {[%emt 0:09:30]} c4 {[%emt 0:00:00]} 16. Qc2 {[%emt 0:01:30]} Nc5 {[%emt 0:00:30]} 17. Kh1 {[%emt 0:06:30]} Rb8 {[%emt 0:01:30]} 18. Nd1 {[%emt 0:03:30]} Bf5 {[%emt 0:00:30]} 19. e4 {[%emt 0:00:30]} Bd7 {[%emt 0:00:30]} 20. Nc3 {[%emt 0:16:30]} Qc7 {[%emt 0:00:30]} 21. Be3 {[%emt 0:02:30]} Nd3 {[%emt 0:00:00]} 22. Qd2 {[%emt 0:01:30]} a4 {[%emt 0:02:00]} 23. f5 {[%emt 0:01:30]} Qa5 {[%emt 0:01:30]} 24. Bh6 {[%emt 0:02:30]} Rxb2 {[%emt 0:00:30]} 25. Rxb2 {[%emt 0:05:49]} Bxc3 {[%emt 0:00:00]} 26. Qg5 {[%emt 0:01:28]} Bf6 {[%emt 0:01:00]} 27. Qe3 {[%emt 0:02:21]} Bxb2 {[%emt 0:00:30]} 28. Bxf8 {[%emt 0:00:10]} Kxf8 {[%emt 0:00:30]} 29. fxg6 {[%emt 0:00:30]} hxg6 {[%emt 0:00:30]} 30. Qh6+ {[%emt 0:00:08]} Bg7 {[%emt 0:00:00]} 31. Qe3 {[%emt 0:01:51]} Qc5 {[%emt 0:02:00]} 32. Qf3 {[%emt 0:00:30]} Bf6 {[%emt 0:00:30]} 33. g4 {[%emt 0:00:30]} Bxg4 {[%emt 0:00:30]} 34. Qxg4 {[%emt 0:00:30]} Nf2+ {[%emt 0:00:30]} 35. Rxf2 {[%emt 0:02:50]} Qxf2 {[%emt 0:00:30]} 36. Qc8+ {[%emt 0:00:30]} Kg7 {[%emt 0:00:00]} 37. Qxc4 {[%emt 0:00:32]} Bd4 {[%emt 0:00:00]} 0-1

[Event "26th Troya Open 2018"]
[Site "Canakkale"]
[Date "2018.08.05"]
[Round "1.2"]
[White "Sibashvili, Giorgi"]
[Black "Ozsakallioglu, Akin"]
[Result "1-0"]
[WhiteElo "2410"]
[BlackElo "1885"]
[Annotator "TA"]
[PlyCount "133"]
[EventDate "2018.08.06"]
[EventType "swiss"]
[EventCountry "TUR"]
[SourceTitle "playchess.com"]
[Source "ChessBase"]
[SourceQuality "1"]

{[%evp 19,133,12,19,15,75,38,62,64,64,58,99,71,132,141,206,195,185,85,92,88,94,90,112,112,104,111,112,103,129,132,126,124,164,171,159,167,157,145,250,237,389,398,404,397,379,351,337,332,327,332,329,340,341,284,565,568,484,327,317,321,327,327,320,287,426,434,439,439,443,421,451,441,423,408,478,486,490,493,474,470,496,454,393,413,429,427,429,420,397,377,272,326,755,755,677,602,605,388,388,388,955,383,884,604,694,672,1066,1214,1766,1632,5405,2802,29983,5593,29986,29987]} 1. d4 d5 2. c4 e6 3. Nc3 Nf6 4. cxd5 exd5 5. Bg5 Be7 6. e3 c6 7. Bd3 Ne4 8. Bxe7 Qxe7 9. Bxe4 {D35: Queen's Gambit Declined: Exchange Variation} (9. Qc2 Nxc3 10. bxc3 g6 11. Ne2 O-O 12. h4 Nd7 13. h5 Nf6 14. Nf4 Ne4 15. c4 Bf5 16. cxd5 Rac8 17. hxg6 hxg6 18. Bxe4 Bxe4 {½-½ (69) Indjic,A (2569)-Golubov,S (2506) Budapest 2017}) 9... dxe4 10. Nge2 O-O {LiveBook: 4 Games} 11. O-O {The position is equal.} Rd8 $146 (11... Na6 $11) ({Predecessor:} 11... Bf5 12. Ng3 Bg6 13. f3 exf3 14. Qxf3 Nd7 15. Rae1 Rae8 16. e4 c5 {0-1 (35) Gershenov,B (2068)-Massey,S Parsippany 2006}) 12. Qc2 Bf5 13. Ng3 Bg6 14. Ngxe4 Re8 {[%cal Rg6e4]} 15. f3 f5 {[#]} (15... b5 $142) 16. Nf2 $1 $16 Qxe3 (16... Na6 $16) 17. Qb3+ $18 Qe6 {[#]} 18. Qxb7 (18. d5 $1 $18 {[%cal Rd5e6] has better winning chances.} cxd5 19. Nxd5 (19. Qxd5 Qxd5 20. Nxd5 Na6 $11)) 18... Nd7 $16 {[%cal Bb8d7,Bd7b6,Bb6c4][%mdl 32]} 19. d5 cxd5 20. Qxd5 Nb6 21. Qxe6+ Rxe6 22. Rfe1 $36 {[%mdl 2048] White has strong initiative.} Rae8 23. Nd3 Re3 24. Rxe3 Rxe3 25. Rd1 Nc4 {intending ...Nxb2.} 26. Kf2 Re8 27. b3 Nb6 28. Nb4 a5 (28... Rc8 $16) 29. Nc6 $18 a4 $2 (29... Kf8 30. Nd5 (30. Nxa5 Rc8 $18) 30... Re6) 30. bxa4 Re6 31. Rd8+ Kf7 32. Nd4 Re5 33. Rb8 Nc4 34. Rb4 Rc5 35. Rb7+ Kf6 36. Rb5 Rc8 $2 (36... Rxb5 {was necessary.} 37. axb5 Ke5) 37. Nd5+ Kg5 38. Rc5 Rxc5 39. Ne6+ Kh6 40. Nxc5 {[%mdl 4096] Endgame KBN-KNN} Bf7 41. Ne3 Na5 (41... Nd6 $142 42. a5 f4) 42. Nxf5+ Kg6 43. Nd6 Bxa2 44. Ncb7 Nc6 45. a5 Kf6 46. a6 Na7 47. Ke3 Ke5 48. f4+ Kd5 49. Ne8 Bc4 50. Nd8 g6 51. g4 {[%cal Bg2g4,Bg4g5][%mdl 32]} Kc5 52. g5 Bxa6 53. Ne6+ Kc6 54. Nf6 Kd6 55. Nd4 Ke7 $2 (55... Nc8 56. Nxh7 Ne7) 56. Nxh7 Nc8 57. Nf6 Nd6 58. Ng4 Nc4+ 59. Kf2 Kd6 $2 (59... Bc8 60. Nh6 Kf8) 60. Nf3 (60. f5 $142 Ne5 61. Nxe5 Kxe5 62. Ke3 (62. fxg6 Kxd4 63. g7 Bc4 $11) 62... gxf5 63. Nf3+ Ke6 64. h4) 60... Kd5 $2 (60... Bc8 61. Nh6 Bb7 62. Nf7+ Ke7) 61. Nge5 Nd6 62. Nxg6 Ke4 63. h4 {[%cal Bh2h4,Bh4h5,Bh5h6][%mdl 32]} Kf5 64. h5 Ne4+ 65. Ke3 Ng3 66. Nfh4+ (66. Nd4+ $142 Kg4 67. h6 Nf1+ 68. Kf2 Bc8 69. h7 Bf5 70. h8=Q Bxg6 71. Kxf1 Bd3+ 72. Kf2) 66... Kg4 67. h6 {Precision: White = 76%, Black = 29%.} 1-0

[Event "26th Troya Open 2018"]
[Site "Canakkale"]
[Date "2018.08.05"]
[Round "1.3"]
[White "Uzuner, Tufan Can"]
[Black "Mgeladze, Tamaz"]
[Result "0-1"]
[WhiteElo "1939"]
[BlackElo "2400"]
[Annotator "NA"]
[PlyCount "58"]
[EventDate "2018.08.06"]
[EventType "swiss"]
[EventCountry "TUR"]
[SourceTitle "playchess.com"]
[Source "ChessBase"]
[SourceQuality "1"]
[TimeControl "5400+30"]

1. d4 {[%emt 0:00:30]} Nf6 {[%emt 0:00:30]} 2. Nf3 {[%emt 0:00:00]} g6 {[%emt 0:00:30]} 3. Bg5 {[%emt 0:00:00]} Bg7 {[%emt 0:00:30]} 4. Nbd2 {[%emt 0:00:00]} O-O {[%emt 0:01:30]} 5. e4 {[%emt 0:00:00]} d6 {[%emt 0:01:30]} 6. c3 {[%emt 0:01:30]} Nc6 {[%emt 0:01:30]} 7. Bb5 {[%emt 0:00:30]} Bd7 {[%emt 0:02:30]} 8. O-O {[%emt 0:00:30]} h6 {[%emt 0:01:30]} 9. Bh4 {[%emt 0:00:00]} a6 {[%emt 0:02:30]} 10. Bd3 {[%emt 0:06:00]} e5 {[%emt 0:01:30]} 11. dxe5 {[%emt 0:01:30]} dxe5 {[%emt 0:00:30]} 12. Qc2 {[%emt 0:02:30]} Qe7 {[%emt 0:03:30]} 13. Rad1 {[%emt 0:04:30]} Rad8 {[%emt 0:01:30]} 14. b4 {[%emt 0:14:30]} g5 {[%emt 0:03:30]} 15. Bg3 {[%emt 0:00:30]} Nh5 {[%emt 0:00:30]} 16. Rfe1 {[%emt 0:00:30]} Nf4 {[%emt 0:01:30]} 17. Bf1 {[%emt 0:00:30]} h5 {[%emt 0:03:30]} 18. h3 {[%emt 0:27:30]} g4 {[%emt 0:06:30]} 19. hxg4 {[%emt 0:03:30]} hxg4 {[%emt 0:00:30]} 20. Nh4 {[%emt 0:00:30]} Qg5 {[%emt 0:00:30]} 21. Nf5 {[%emt 0:01:30]} Bf6 {[%emt 0:01:30]} 22. Nc4 {[%emt 0:12:30]} Bxf5 {[%emt 0:04:30]} 23. Rxd8 {[%emt 0:01:30]} Rxd8 {[%emt 0:00:30]} 24. exf5 {[%emt 0:00:30]} Kg7 {[%emt 0:00:30]} 25. Ne3 {[%emt 0:00:30]} Rh8 {[%emt 0:01:30]} 26. Qd1 {[%emt 0:04:57]} Qh6 {[%emt 0:00:30]} 27. Qxg4+ {[%emt 0:00:11]} Kf8 {[%emt 0:00:30]} 28. f3 {[%emt 0:01:11]} Rg8 {[%emt 0:00:30]} 29. b5 {[%emt 0:07:36]} axb5 {[%emt 0:01:30]} 0-1

[Event "26th Troya Open 2018"]
[Site "Canakkale"]
[Date "2018.08.05"]
[Round "1.4"]
[White "Arat, Ufuk Sezen"]
[Black "Demir, Baran"]
[Result "1-0"]
[WhiteElo "2386"]
[BlackElo "1898"]
[Annotator "NA"]
[PlyCount "69"]
[EventDate "2018.08.06"]
[EventType "swiss"]
[EventCountry "TUR"]
[SourceTitle "playchess.com"]
[Source "ChessBase"]
[SourceQuality "1"]
[TimeControl "5400+30"]

1. d4 {[%emt 1:24:13]} Nf6 {[%emt 1:26:10]} 2. c4 {[%emt 0:00:30]} c5 {[%emt 0:00:30]} 3. d5 {[%emt 0:00:30]} b5 {[%emt 0:00:30]} 4. cxb5 {[%emt 0:00:30]} a6 {[%emt 0:00:30]} 5. bxa6 {[%emt 0:00:30]} g6 {[%emt 0:00:30]} 6. g3 {[%emt 0:00:30]} Bg7 {[%emt 0:00:30]} 7. Bg2 {[%emt 0:00:30]} d6 {[%emt 0:00:30]} 8. Nf3 {[%emt 0:00:30]} Nxa6 {[%emt 0:00:30]} 9. Nc3 {[%emt 0:00:30]} Nb4 {[%emt 0:00:30]} 10. O-O {[%emt 0:00:30]} Bf5 {[%emt 0:00:30]} 11. Ne1 {[%emt 0:00:30]} O-O {[%emt 0:00:30]} 12. Bd2 {[%emt 0:00:30]} Qb6 {[%emt 0:00:30]} 13. e4 {[%emt 0:00:30]} Bg4 {[%emt 0:00:30]} 14. Qc1 {[%emt 0:00:30]} Rfb8 {[%emt 0:00:30]} 15. h3 {[%emt 0:00:30]} Bc8 {[%emt 0:00:30]} 16. a3 {[%emt 0:00:30]} Qa6 {[%emt 0:00:30]} 17. Rb1 {[%emt 0:00:30]} Nd3 {[%emt 0:00:30]} 18. Nxd3 {[%emt 0:00:30]} Qxd3 {[%emt 0:00:30]} 19. b3 {[%emt 0:00:30]} Nd7 {[%emt 0:00:30]} 20. Kh2 {[%emt 0:00:30]} Bd4 {[%emt 0:00:30]} 21. a4 {[%emt 0:00:30]} Nf6 {[%emt 0:00:30]} 22. f4 {[%emt 0:00:30]} Bg4 {[%emt 0:00:30]} 23. Qe1 {[%emt 0:00:30]} Bd7 {[%emt 0:00:30]} 24. Rf3 {[%emt 0:00:30]} Qc2 {[%emt 0:00:30]} 25. e5 {[%emt 0:00:30]} dxe5 {[%emt 0:00:30]} 26. fxe5 {[%emt 0:00:30]} Bxe5 {[%emt 0:00:30]} 27. Qxe5 {[%emt 0:00:30]} Qxd2 {[%emt 0:00:30]} 28. Rd1 {[%emt 0:00:30]} Qh6 {[%emt 0:00:30]} 29. Qxe7 {[%emt 0:00:30]} Bg4 {[%emt 0:00:30]} 30. Qxf6 {[%emt 0:00:30]} Bxf3 {[%emt 0:00:30]} 31. Qxf3 {[%emt 0:00:30]} Rxb3 {[%emt 0:00:30]} 32. d6 {[%emt 0:00:30]} Rd8 {[%emt 0:00:30]} 33. Qf6 {[%emt 0:00:30]} Rbb8 {[%emt 0:00:30]} 34. Nd5 {[%emt 0:00:30]} Qg7 {[%emt 0:00:30]} 35. Ne7+ {[%emt 0:00:00]} 1-0

[Event "26th Troya Open 2018"]
[Site "Canakkale"]
[Date "2018.08.05"]
[Round "1.6"]
[White "Darban, Morteza"]
[Black "Degirmenci, Yagiz"]
[Result "1-0"]
[WhiteElo "2331"]
[BlackElo "1841"]
[Annotator "NA"]
[PlyCount "59"]
[EventDate "2018.08.06"]
[EventType "swiss"]
[EventCountry "TUR"]
[SourceTitle "playchess.com"]
[Source "ChessBase"]
[SourceQuality "1"]
[TimeControl "5400+30"]

1. d4 {[%emt 0:00:30]} d5 {[%emt 0:00:30]} 2. Bg5 {[%emt 0:00:00]} g6 {[%emt 0:05:30]} 3. c3 {[%emt 0:05:00]} Bg7 {[%emt 0:00:30]} 4. Nd2 {[%emt 0:00:00]} Nf6 {[%emt 0:00:30]} 5. e3 {[%emt 0:00:00]} c6 {[%emt 0:02:30]} 6. Bd3 {[%emt 0:00:30]} Nbd7 {[%emt 0:03:30]} 7. f4 {[%emt 0:00:30]} e6 {[%emt 0:11:30]} 8. Qe2 {[%emt 0:10:30]} Qc7 {[%emt 0:03:30]} 9. Ngf3 {[%emt 0:00:30]} O-O {[%emt 0:09:30]} 10. O-O {[%emt 0:00:30]} Re8 {[%emt 0:03:30]} 11. Ne5 {[%emt 0:01:30]} Nf8 {[%emt 0:00:00]} 12. Bxf6 {[%emt 0:14:30]} Bxf6 {[%emt 0:00:00]} 13. g4 {[%emt 0:00:30]} Bg7 {[%emt 0:02:30]} 14. g5 {[%emt 0:00:00]} f5 {[%emt 0:04:30]} 15. gxf6 {[%emt 0:05:00]} Bxf6 {[%emt 0:00:30]} 16. Ndf3 {[%emt 0:03:30]} Re7 {[%emt 0:00:30]} 17. Ng4 {[%emt 0:01:30]} Bg7 {[%emt 0:00:00]} 18. Qf2 {[%emt 0:03:30]} Bd7 {[%emt 0:02:00]} 19. Qh4 {[%emt 0:02:30]} Rae8 {[%emt 0:03:30]} 20. Kh1 {[%emt 0:07:30]} c5 {[%emt 0:00:30]} 21. Rf2 {[%emt 0:02:30]} cxd4 {[%emt 0:02:30]} 22. cxd4 {[%emt 0:09:30]} Qa5 {[%emt 0:04:30]} 23. Rg1 {[%emt 0:04:30]} Qxa2 {[%emt 0:01:30]} 24. Ng5 {[%emt 0:00:30]} e5 {[%emt 0:06:30]} 25. fxe5 {[%emt 0:03:30]} Bxg4 {[%emt 0:00:30]} 26. Qxg4 {[%emt 0:00:30]} Qb3 {[%emt 0:01:30]} 27. Qe2 {[%emt 0:06:25]} Bh6 {[%emt 0:04:30]} 28. Ne4 {[%emt 0:00:14]} Rc8 {[%emt 0:00:30]} 29. Nd6 {[%emt 0:00:43]} Rd8 {[%emt 0:02:30]} 30. Nf5 {[%emt 0:00:19]} 1-0

[Event "26th Troya Open 2018"]
[Site "Canakkale"]
[Date "2018.08.05"]
[Round "1.7"]
[White "Ozdilek, Hasan"]
[Black "Guseynov, Alihan"]
[Result "0-1"]
[WhiteElo "1862"]
[BlackElo "2329"]
[Annotator "NA"]
[PlyCount "84"]
[EventDate "2018.08.06"]
[EventType "swiss"]
[EventCountry "TUR"]
[SourceTitle "playchess.com"]
[Source "ChessBase"]
[SourceQuality "1"]
[TimeControl "5400+30"]

1. e4 {[%emt 1:26:06]} c5 {[%emt 1:29:15]} 2. Nf3 {[%emt 0:00:30]} Nc6 {[%emt 0:00:30]} 3. d4 {[%emt 0:00:30]} cxd4 {[%emt 0:00:30]} 4. Nxd4 {[%emt 0:00:30]} Nf6 {[%emt 0:00:30]} 5. Nc3 {[%emt 0:00:30]} d6 {[%emt 0:00:30]} 6. Be2 {[%emt 0:00:30]} e5 {[%emt 0:00:30]} 7. Nb3 {[%emt 0:00:30]} Be7 {[%emt 0:00:30]} 8. O-O {[%emt 0:00:30]} O-O {[%emt 0:00:30]} 9. Bg5 {[%emt 0:00:30]} Nxe4 {[%emt 0:00:30]} 10. Nxe4 {[%emt 0:00:30]} Bxg5 {[%emt 0:00:30]} 11. Qxd6 {[%emt 0:00:30]} Be7 {[%emt 0:00:30]} 12. Qxd8 {[%emt 0:00:30]} Rxd8 {[%emt 0:00:30]} 13. Rfd1 {[%emt 0:00:30]} Bf5 {[%emt 0:00:30]} 14. f3 {[%emt 0:00:30]} Nb4 {[%emt 0:00:30]} 15. c3 {[%emt 0:00:30]} Nd5 {[%emt 0:00:30]} 16. Kf2 {[%emt 0:00:30]} Rac8 {[%emt 0:00:30]} 17. g3 {[%emt 0:00:30]} Be6 {[%emt 0:00:30]} 18. c4 {[%emt 0:00:30]} Nb6 {[%emt 0:00:30]} 19. c5 {[%emt 0:00:30]} Na4 {[%emt 0:00:30]} 20. Rac1 {[%emt 0:00:30]} Rxd1 {[%emt 0:00:30]} 21. Bxd1 {[%emt 0:00:30]} Nxb2 {[%emt 0:00:30]} 22. Be2 {[%emt 0:00:30]} Na4 {[%emt 0:00:30]} 23. Ke3 {[%emt 0:00:30]} Rc7 {[%emt 0:00:30]} 24. Bc4 {[%emt 0:00:30]} Bxc5+ {[%emt 0:00:30]} 25. Nexc5 {[%emt 0:00:30]} Nxc5 {[%emt 0:00:30]} 26. Rd1 {[%emt 0:00:30]} g6 {[%emt 0:00:30]} 27. Rd8+ {[%emt 0:00:30]} Kg7 {[%emt 0:00:30]} 28. Nxc5 {[%emt 0:00:30]} Bxc4 {[%emt 0:00:30]} 29. Nd7 {[%emt 0:00:30]} Bxa2 {[%emt 0:00:30]} 30. Nxe5 {[%emt 0:00:30]} Be6 {[%emt 0:00:30]} 31. f4 {[%emt 0:00:30]} h5 {[%emt 0:00:30]} 32. Ra8 {[%emt 0:00:30]} a6 {[%emt 0:00:30]} 33. Kd4 {[%emt 0:00:30]} Rc2 {[%emt 0:00:30]} 34. Rb8 {[%emt 0:00:30]} b5 {[%emt 0:00:30]} 35. Rb6 {[%emt 0:00:30]} Rxh2 {[%emt 0:00:30]} 36. Rxa6 {[%emt 0:00:16]} Rg2 {[%emt 0:00:49]} 37. Rb6 {[%emt 0:00:13]} Bc4 {[%emt 0:00:43]} 38. f5 {[%emt 0:01:35]} Rxg3 {[%emt 0:00:56]} 39. Nxc4 {[%emt 0:00:01]} bxc4 {[%emt 0:00:05]} 40. f6+ {[%emt 0:01:05]} Kh6 {[%emt 0:00:01]} 41. Rb7 {[%emt 0:00:10]} Kg5 {[%emt 0:00:41]} 42. Rxf7 {[%emt 0:01:00]} Rf3 {[%emt 0:00:05]} 0-1

[Event "26th Troya Open 2018"]
[Site "Canakkale"]
[Date "2018.08.05"]
[Round "1.8"]
[White "Ozen, Bahadir"]
[Black "Taspinar, Yanki"]
[Result "1-0"]
[WhiteElo "2302"]
[BlackElo "1853"]
[Annotator "NA"]
[PlyCount "61"]
[EventDate "2018.08.06"]
[EventType "swiss"]
[EventCountry "TUR"]
[SourceTitle "playchess.com"]
[Source "ChessBase"]
[SourceQuality "1"]
[TimeControl "5400+30"]

1. g3 {[%emt 0:00:30]} g6 {[%emt 0:00:30]} 2. Bg2 {[%emt 0:00:30]} Bg7 {[%emt 0:00:30]} 3. d3 {[%emt 0:00:00]} d5 {[%emt 0:00:30]} 4. Nf3 {[%emt 0:00:00]} Nf6 {[%emt 0:00:30]} 5. O-O {[%emt 0:00:30]} O-O {[%emt 0:00:30]} 6. Nbd2 {[%emt 0:00:00]} c5 {[%emt 0:02:30]} 7. e4 {[%emt 0:00:00]} Nc6 {[%emt 0:00:30]} 8. Re1 {[%emt 0:00:00]} e5 {[%emt 0:05:30]} 9. c3 {[%emt 0:00:00]} d4 {[%emt 0:04:30]} 10. cxd4 {[%emt 0:00:00]} cxd4 {[%emt 0:01:30]} 11. a3 {[%emt 0:00:00]} b5 {[%emt 0:02:30]} 12. Nb3 {[%emt 0:05:30]} Nd7 {[%emt 0:07:30]} 13. Bd2 {[%emt 0:01:30]} Bb7 {[%emt 0:00:30]} 14. Rc1 {[%emt 0:00:30]} a5 {[%emt 0:02:30]} 15. Bh3 {[%emt 0:03:30]} a4 {[%emt 0:07:30]} 16. Nc5 {[%emt 0:03:30]} Nxc5 {[%emt 0:03:30]} 17. Rxc5 {[%emt 0:00:00]} Qb6 {[%emt 0:01:30]} 18. Qc2 {[%emt 0:01:00]} Rfd8 {[%emt 0:03:30]} 19. Rc1 {[%emt 0:01:30]} Rd6 {[%emt 0:01:30]} 20. b4 {[%emt 0:01:30]} f6 {[%emt 0:04:30]} 21. Qa2+ {[%emt 0:02:30]} Kf8 {[%emt 0:02:30]} 22. Nh4 {[%emt 0:01:30]} Rad8 {[%emt 0:05:30]} 23. f4 {[%emt 0:00:30]} Ke7 {[%emt 0:00:30]} 24. Nf3 {[%emt 0:02:30]} Rf8 {[%emt 0:01:30]} 25. fxe5 {[%emt 0:00:30]} fxe5 {[%emt 0:00:30]} 26. Ng5 {[%emt 0:00:30]} h5 {[%emt 0:02:30]} 27. Ne6 {[%emt 0:03:30]} Rf7 {[%emt 0:00:30]} 28. Nxg7 {[%emt 0:00:30]} Rxg7 {[%emt 0:00:30]} 29. Bg5+ {[%emt 0:00:30]} Ke8 {[%emt 0:00:30]} 30. Rf1 {[%emt 0:00:30]} Ba6 {[%emt 0:02:30]} 31. Qf2 {[%emt 0:00:00]} 1-0

[Event "26th Troya Open 2018"]
[Site "Canakkale"]
[Date "2018.08.05"]
[Round "1.9"]
[White "Duran, Esma Doga"]
[Black "Semiev, Suhrab"]
[Result "0-1"]
[WhiteElo "1919"]
[BlackElo "2285"]
[Annotator "NA"]
[PlyCount "76"]
[EventDate "2018.08.06"]
[EventType "swiss"]
[EventCountry "TUR"]
[SourceTitle "playchess.com"]
[Source "ChessBase"]
[SourceQuality "1"]
[TimeControl "5400+30"]

1. d4 {[%emt 0:00:30]} d5 {[%emt 0:00:30]} 2. c4 {[%emt 0:00:30]} e5 {[%emt 0:00:30]} 3. dxe5 {[%emt 0:00:30]} d4 {[%emt 0:00:00]} 4. Nf3 {[%emt 0:00:00]} Nc6 {[%emt 0:00:00]} 5. g3 {[%emt 0:00:00]} Nge7 {[%emt 0:00:00]} 6. Bg2 {[%emt 0:00:30]} Ng6 {[%emt 0:00:00]} 7. Bg5 {[%emt 0:02:30]} Qd7 {[%emt 0:00:00]} 8. O-O {[%emt 0:02:30]} h6 {[%emt 0:00:00]} 9. Bf4 {[%emt 0:19:30]} Nxf4 {[%emt 0:04:30]} 10. gxf4 {[%emt 0:00:30]} g5 {[%emt 0:00:30]} 11. e3 {[%emt 0:00:30]} dxe3 {[%emt 0:00:30]} 12. fxe3 {[%emt 0:00:30]} Bc5 {[%emt 0:00:30]} 13. Qxd7+ {[%emt 0:00:30]} Bxd7 {[%emt 0:00:30]} 14. Kh1 {[%emt 0:00:30]} Bxe3 {[%emt 0:01:30]} 15. Nc3 {[%emt 0:04:30]} Ne7 {[%emt 0:12:30]} 16. fxg5 {[%emt 0:09:30]} hxg5 {[%emt 0:06:30]} 17. Ne4 {[%emt 0:00:00]} Nf5 {[%emt 0:01:30]} 18. Nfxg5 {[%emt 0:16:00]} Bxg5 {[%emt 0:15:30]} 19. Nxg5 {[%emt 0:00:30]} Ng3+ {[%emt 0:00:30]} 20. Kg1 {[%emt 0:00:30]} Nxf1 {[%emt 0:00:30]} 21. Rxf1 {[%emt 0:00:30]} Rh5 {[%emt 0:00:30]} 22. Ne4 {[%emt 0:04:30]} O-O-O {[%emt 0:00:30]} 23. Nc5 {[%emt 0:18:27]} b6 {[%emt 0:02:30]} 24. Nxd7 {[%emt 0:01:26]} Rxd7 {[%emt 0:00:30]} 25. Bc6 {[%emt 0:05:00]} Re7 {[%emt 0:00:30]} 26. Bd5 {[%emt 0:01:30]} Rg5+ {[%emt 0:00:00]} 27. Kh1 {[%emt 0:00:00]} Rgxe5 {[%emt 0:02:00]} 28. Bxf7 {[%emt 0:00:51]} Re1 {[%emt 0:01:30]} 29. Rxe1 {[%emt 0:00:30]} Rxe1+ {[%emt 0:00:30]} 30. Kg2 {[%emt 0:00:00]} Re2+ {[%emt 0:00:30]} 31. Kg3 {[%emt 0:00:00]} Rxb2 {[%emt 0:00:00]} 32. h4 {[%emt 0:02:44]} Kd7 {[%emt 0:00:00]} 33. Kg4 {[%emt 0:01:05]} Ke7 {[%emt 0:00:00]} 34. Bd5 {[%emt 0:00:34]} Kf6 {[%emt 0:00:00]} 35. a3 {[%emt 0:03:39]} Ra2 {[%emt 0:01:30]} 36. h5 {[%emt 0:00:09]} Rxa3 {[%emt 0:00:30]} 37. Be4 {[%emt 0:00:28]} Rc3 {[%emt 0:00:00]} 38. Bd5 {[%emt 0:01:07]} a5 {[%emt 0:00:00]} 0-1

[Event "26th Troya Open 2018"]
[Site "Canakkale"]
[Date "2018.08.05"]
[Round "1.10"]
[White "Eminov, Orkhan"]
[Black "Buke, Furkan"]
[Result "1-0"]
[WhiteElo "2272"]
[BlackElo "1925"]
[Annotator "NA"]
[PlyCount "99"]
[EventDate "2018.08.06"]
[EventType "swiss"]
[EventCountry "TUR"]
[SourceTitle "playchess.com"]
[Source "ChessBase"]
[SourceQuality "1"]
[TimeControl "5400+30"]

1. e4 {[%emt 0:00:30]} c5 {[%emt 0:00:30]} 2. Nf3 {[%emt 0:00:00]} d6 {[%emt 0:00:30]} 3. Bb5+ {[%emt 0:00:00]} Bd7 {[%emt 0:00:30]} 4. c4 {[%emt 0:00:30]} Nf6 {[%emt 0:00:30]} 5. Nc3 {[%emt 0:00:30]} e6 {[%emt 0:02:30]} 6. O-O {[%emt 0:01:30]} Be7 {[%emt 0:00:30]} 7. Bxd7+ {[%emt 0:02:30]} Qxd7 {[%emt 0:01:30]} 8. d4 {[%emt 0:00:30]} cxd4 {[%emt 0:00:00]} 9. Nxd4 {[%emt 0:00:30]} Nc6 {[%emt 0:01:00]} 10. Be3 {[%emt 0:02:30]} O-O {[%emt 0:00:00]} 11. Rc1 {[%emt 0:01:30]} a6 {[%emt 0:06:00]} 12. f3 {[%emt 0:03:30]} Nxd4 {[%emt 0:06:30]} 13. Qxd4 {[%emt 0:00:30]} b5 {[%emt 0:00:30]} 14. Rfd1 {[%emt 0:02:30]} Qb7 {[%emt 0:11:30]} 15. b3 {[%emt 0:01:30]} Rfd8 {[%emt 0:01:30]} 16. cxb5 {[%emt 0:15:30]} axb5 {[%emt 0:00:30]} 17. Qb6 {[%emt 0:09:30]} Rdb8 {[%emt 0:05:30]} 18. Qxb7 {[%emt 0:02:30]} Rxb7 {[%emt 0:00:00]} 19. a4 {[%emt 0:00:30]} bxa4 {[%emt 0:04:00]} 20. bxa4 {[%emt 0:00:30]} Rb3 {[%emt 0:03:30]} 21. Bf4 {[%emt 0:00:30]} d5 {[%emt 0:17:30]} 22. exd5 {[%emt 0:12:30]} Nxd5 {[%emt 0:00:30]} 23. Nxd5 {[%emt 0:00:30]} exd5 {[%emt 0:00:00]} 24. a5 {[%emt 0:00:30]} Rb5 {[%emt 0:03:00]} 25. Bc7 {[%emt 0:02:30]} h6 {[%emt 0:12:30]} 26. Rb1 {[%emt 0:02:30]} Rxb1 {[%emt 0:02:50]} 27. Rxb1 {[%emt 0:00:30]} Bd8 {[%emt 0:10:41]} 28. Bxd8 {[%emt 0:00:30]} Rxd8 {[%emt 0:00:01]} 29. a6 {[%emt 0:00:30]} Ra8 {[%emt 0:00:30]} 30. Ra1 {[%emt 0:00:00]} Ra7 {[%emt 0:00:26]} 31. Kf2 {[%emt 0:00:00]} Kf8 {[%emt 0:00:21]} 32. Ke3 {[%emt 0:00:30]} Ke7 {[%emt 0:00:30]} 33. Kd4 {[%emt 0:00:00]} Kd6 {[%emt 0:00:00]} 34. h4 {[%emt 0:00:00]} g6 {[%emt 0:01:22]} 35. g4 {[%emt 0:00:30]} f6 {[%emt 0:00:00]} 36. f4 {[%emt 0:01:30]} Kc6 {[%emt 0:00:46]} 37. Re1 {[%emt 0:00:30]} Kd6 {[%emt 0:00:11]} 38. f5 {[%emt 0:00:30]} gxf5 {[%emt 0:00:28]} 39. gxf5 {[%emt 0:00:00]} Rg7 {[%emt 0:01:05]} 40. Re6+ {[%emt 0:01:00]} Kc7 {[%emt 0:00:01]} 41. Rxf6 {[%emt 0:00:30]} Rg4+ {[%emt 0:00:30]} 42. Kxd5 {[%emt 0:00:00]} Rxh4 {[%emt 0:00:00]} 43. Rc6+ {[%emt 0:01:00]} Kb8 {[%emt 0:00:01]} 44. f6 {[%emt 0:00:30]} Rf4 {[%emt 0:00:10]} 45. Ke6 {[%emt 0:00:30]} Re4+ {[%emt 0:01:01]} 46. Kf5 {[%emt 0:00:30]} Re1 {[%emt 0:00:27]} 47. f7 {[%emt 0:00:30]} Ka7 {[%emt 0:00:23]} 48. Rf6 {[%emt 0:00:30]} Rf1+ {[%emt 0:00:00]} 49. Kg6 {[%emt 0:00:00]} Rg1+ {[%emt 0:00:16]} 50. Kh7 {[%emt 0:00:00]} 1-0